00434nam a22001217a 4500020001600000082001200016100001800028245013300046260003700179300003100216650003800247700002700285 qHard Cover. a620.005 aJaved, Waqas  aDevelopment of Risk Assessment and Management Model for Construction of DAMS :bA Case Study for Diamer Bhasha DamcWaqas Javed. aIslamabad :bCEME - NUST,c2012. axii, 94 p. : ill. ;c30cm. aMS Thesis Engineering Management  aDr. Syed Athar Masood.